Prince Caspian : (Record no. 1266)

MARC details
000 -LEADER
fixed length control field 01049pam a2200301 a 4500
005 - DATE AND TIME OF LATEST TRANSACTION
control field 20230809164503.0
020 ## - INTERNATIONAL STANDARD BOOK NUMBER
International Standard Book Number 0060234830 :
Terms of availability $15.00 ($20.00 Can.)
020 ## - INTERNATIONAL STANDARD BOOK NUMBER
International Standard Book Number 0060234849 (lib. bdg.)
040 ## - CATALOGING SOURCE
Original cataloging agency DLC
Transcribing agency DLC
Modifying agency DLC
Language of cataloging eng
050 00 - LIBRARY OF CONGRESS CALL NUMBER
Classification number PZ7.L58474
Item number Pr 1994
082 00 - DEWEY DECIMAL CLASSIFICATION NUMBER
Classification number [Fic]
Edition number 20
100 1# - MAIN ENTRY--PERSONAL NAME
Personal name Lewis, C. S.
Fuller form of name (Clive Staples),
Dates associated with a name 1898-1963.
245 10 - TITLE STATEMENT
Title Prince Caspian :
Remainder of title The Chornicles of Naria
Statement of responsibility, etc. C.S. Lewis ; illustrated by Pauline Baynes.
250 ## - EDITION STATEMENT
Edition statement 1st HarperCollins ed.
260 ## - PUBLICATION, DISTRIBUTION, ETC.
Place of publication, distribution, etc. New York :
Name of publisher, distributor, etc. HarperCollins,
Date of publication, distribution, etc. 1994.
300 ## - PHYSICAL DESCRIPTION
Extent 223 pages :
Other physical details illustrations, map ;
Dimensions 20 cm.
490 1# - SERIES STATEMENT
Series statement The Chronicles of Narnia ;
Volume/sequential designation bk. 4
505 ## - FORMATTED CONTENTS NOTE
Formatted contents note W <br/>
520 ## - SUMMARY, ETC.
Summary, etc. Four children help Prince Caspian and his army of Talking Beasts to free Narnia from evil.
521 ## - TARGET AUDIENCE NOTE
Target audience note 870 <br/>
Source Lexile <br/>
521 ## - TARGET AUDIENCE NOTE
Target audience note W <br/>
Source Raz-Plus <br/>
650 #1 - SUBJECT ADDED ENTRY--TOPICAL TERM
Topical term or geographic name entry element Fantasy.
700 1# - ADDED ENTRY--PERSONAL NAME
Personal name Baynes, Pauline
Relator term Illustrator.
906 ## - LOCAL DATA ELEMENT F, LDF (RLIN)
a 7
b cbc
c orignew
d 1
e ocip
f 19
g y-gencatlg
942 ## - ADDED ENTRY ELEMENTS (KOHA)
Source of classification or shelving scheme Dewey Decimal Classification
Koha item type Books
Suppress in OPAC No
999 ## -
-- 1266
-- 1266
Holdings
Withdrawn status Lost status Source of classification or shelving scheme Damaged status Not for loan Collection Home library Current library Shelving location Date acquired Total Checkouts Full call number Barcode Date last seen Copy number Price effective from Koha item type Date last checked out
    Dewey Decimal Classification     Juvenile Fiction Footprints International School Library Network Toul Kork Campus Footprints International School Library Network Toul Kork Campus TTP Secondary Fiction Bookshelves 08/09/2023   LEW Fic PZ7.L58474 FIS00753 08/09/2023 1 08/09/2023 Books  
    Dewey Decimal Classification     Juvenile Fiction Footprints International School Library Network Toul Kork Campus Footprints International School Library Network Toul Kork Campus TTP Secondary Fiction Bookshelves 08/09/2023 1 LEW Fic PZ7.L58474 FIS00885 09/03/2024 2 08/09/2023 Books 09/03/2024